Statistics for Locations of Deepest Places on Earth

Click here to take the quiz!

General Stats

  • This quiz has been taken 84 times
  • The average score is 4 of 12

Answer Stats

DepthCategoryPlace% Correct
10923Deepest Point UnderwaterMariana Trench (Pacific Ocean)
79%
1620Deepest LakeLake Baikal (Russia)
72%
12376Deepest Manmade PointSakhalin-I Oil Well (Pacific Ocean)
40%
12070Deepest HoleKola Borehole (Russia)
39%
1200Deepest Open Pit MineBingham Canyon Mine (United States)
36%
240Deepest Rail TunnelSeikan Tunnel (Japan)
33%
2197Deepest CaveKrubera Cave (Abkhazia)
32%
3900Deepest MineTauTona Gold Mine (South Africa)
31%
662Deepest SinkholeXiaozhai Tiankeng (China)
28%
120Deepest Building FoundationPetronas Towers (Malaysia)
20%
1216Deepest Water-Filled SinkholeZacatón Sinkhole (Mexico)
19%
3534Deepest CanyonCotahuasi Canyon (Peru)
9%

Score Distribution

Percentile by Number Answered

Percent of People with Each Score

Your Score History

You have not taken this quiz